Informačný systém podniku

Salvato in:
Dettagli Bibliografici
Autore principale: Velčíková, Lenka
Natura: Libro
Lingua:slovacco
Pubblicazione: Bratislava STU FCHPT 2010
Accesso online:Visualizza in OPAC
Tags: Aggiungi Tag
Nessun Tag, puoi essere il primo ad aggiungerne!!

MARC

LEADER 00000nam a2200000 a 4500
005 20260127133933.0
008 101019 2010 xo 000 0 slo d
035 |a vtls010180550 
039 9 |a 201010221200  |b mschk03  |c 201010221159  |d mschk03  |c 201010221158  |d mschk03  |y 201010191212  |z mschk03 
040 |a STUSCHK1  |b slo  |c STUSCHK1  |e AACR2 
100 1 |a Velčíková, Lenka 
245 1 |a Informačný systém podniku  |c Lenka Velčíková 
260 |a Bratislava  |b STU FCHPT  |c 2010 
300 |a 33 s.  |b il.  |c 30 cm 
500 |a Obháj.: 23.8. 2010 
500 |a Študijný program: automatizácia, informatizácia a manažment v chémii a potravinárstve 
500 |a Študijný odbor: 5.2.14 automatizácia, 5.2.52 priemyselné inžinierstvo 
500 |a Bakalárska práca 
500 |a FCHPT, Oddelenie manažmentu chemických a potravinárskych technológií 
500 |a Evidenčné číslo: 5415-35827 
910 |a SCHK95 
999 |c 418  |d 418